| 000 | 00497nam a2200205Ia 4500 | ||
|---|---|---|---|
| 008 | 170918s9999 xx 000 0 und d | ||
| 020 | _a9780789429605 | ||
| 050 | _bR892 1998 | ||
| 100 | _aRoyston, Angela | ||
| 245 | _aFire fighter! / | ||
| 245 | _cAngela Royston. | ||
| 260 | _aNew York : | ||
| 260 | _bScholastic, | ||
| 260 | _c1998 | ||
| 300 | _a32 pages : | ||
| 300 | _bcolored illustration ; | ||
| 300 | _c23cm. | ||
| 440 | _aReaders beginning to read alone 2. | ||
| 500 | _a400 | ||
| 999 |
_c341383 _d341383 |
||